Jaki herb ma to miasto? - Statystyki

Ogólne statystyki
  • Ten quiz został rozwiązany 11 razy
  • Średni wynik to 27 z 40
Statystyki odpowiedzi
Zagadnienie Odpowiedź % Poprawnych
Łódź:
100%
Gdynia:
100%
Szczecin:
91%
Rzeszów:
91%
Zielona Góra:
91%
Lublin:
91%
Katowice:
91%
Koszalin:
91%
Lubaczów:
91%
Kraków:
82%
Poznań:
82%
Olsztyn (warmińsko-mazurskie):
82%
Jelenia Góra:
82%
Malbork:
82%
Toruń:
73%
Włocławek:
73%
Racibórz:
73%
Łobez:
73%
Siemianowice Śląskie:
64%
Suwałki:
64%
Starachowice:
64%
Śmigiel:
64%
Lutomiersk:
64%
Strzeleczki:
64%
Ryn:
64%
Chorzów:
55%
Ostrołęka:
55%
Lubartów:
55%
Augustów:
55%
Nowe Miasteczko:
55%
Żelechów:
55%
Gniew:
55%
Sieniawa:
55%
Zamość:
45%
Oleśnica (dolnośląskie):
45%
Łaszczów:
45%
Krosno:
36%
Wieluń:
36%
Zwoleń:
36%
Piechowice:
18%
Nie znaleziono quizów pasujących do podanych kryteriów
Rozkład punktacji
Procent ludzi z każdym wynikiem
Percentyl według liczby udzielonych odpowiedzi
Twoja historia wyników
Nie rozwiązałeś tego quizu